000 01368cam a22003737a 4500
001 1836
005 20231004105306.0
020 _a9780545320597 (hc)
020 _a0545320593 (hc)
020 _z9780545436519
020 _z0545436516
020 _a9780545320603 (pb)
020 _a0545320607 (pb)
040 _aBTCTA
_beng
_cBTCTA
_dBIB
_dJRS
_dBKX
_dBDX
_dSINLB
_dLF3
_dIHI
_dEHH
_dDLC
_dYDXCP
_dNLC
_dCNRCS
_dOCLCO
_dDLC
_dFISKH
050 0 0 _aPZ7.K8369
_bSh 2012
082 0 4 _a[Fic]
_223
100 1 _aKorman, Gordon.
245 1 0 _aShowoff /
_cGordon Korman.
246 3 _aShow off
260 _aNew York :
_bScholastic Inc.,
_c2012.
300 _a248 pages ;
_c20 cm
505 _aM
520 _aAccused of ruining a champion dog's career after an unfortunate incident at a mall show, Luthor is sent to the pound, prompting a skeptical Griffin to hatch a daring plan involving a sinister saboteur, a reclusive trainer, and large supply of red dye.
521 0 _a740
_bLexile
521 1 _aM
_bRaz-Plus
650 0 _aShow dogs
_vJuvenile fiction.
650 0 _aUndercover operations
_vJuvenile fiction.
650 1 _aShow dogs
_vFiction.
650 1 _aUndercover operations
_vFiction.
650 1 _aAdventure and adventurers
_vFiction.
655 7 _aAdventure stories.
_2gsafd
906 _a7
_bcbc
_ccopycat
_d2
_encip
_f20
_gy-gencatlg
942 _2ddc
_cBK
_n0
999 _c1836
_d1836